000 00969nam a22002297a 4500
999 _c5465
_d5465
003 AR-CdUCM
008 190312b ||||| |||| 00| 0 spa d
020 _a84-7232275-0
040 _aMUNICIPALIDAD PROVINCIAL DEL CUSCO
_cBIBLIOTECA MUNICIPAL DEL CUSCO
082 _a982.05 /
_bAL31
100 _aAlanis, Antonio Martí
_916438
245 _aCanada en la correspondencia diplomática de los embajadores de España en Londres 1534-1813 /
260 _aMadrid :
_bEd. cultura hispánica,
_c1980.
300 _a153 paginas ;
_c23 cm.
505 _aCarta del embajador al rey -- Carta del príncipe a los magistrados de Vizcaya -- Juan Bautista de Tasis a su magestad -- Cartas del embajador de España en Francia -- El rey al país Vasco...
650 _aEmbajador de España
_916439
650 _aRey y magestad
_916440
650 _aConsejo de estado
_916441
710 _aInstituto de Cooperación Iberoamericana
_94266
942 _2ddc
_cLIBROS
945 _awnts